000 00872nam a2200277Ia 4500
003 OSt
005 20221007120959.0
006 a|||||r|||| 00| 0
007 ta
008 221006b |||||||| |||| 00| 0 eng d
020 _a8172361653 (hbd)
024 _a84519
037 _b044/09-10, 31/07/2009, N R Book Distributors
_cTextbook
040 _aBDL
_cBDL
_beng
041 _2eng
_aeng
082 _aI:12.251, K3;6 Carb
100 _aMaheshwari J K
_9606997
245 0 _aFlora of Delhi
260 _aNew
_bDelhi National Institute of Science Communication
_c1963
300 _a447p.
_ccm.
500 _aBibliography 409-418p.; Index 419-447p.
650 _a Flora
_9710395
650 _aBotany
942 _hI:12.251, K3;6 Carb
_cTB
_2CC
999 _c1208271
_d1208271